|
|
|
|
| LEADER |
00000nam a2200000Ia 4500 |
| 008 |
180423b2 cr ||||| |||| 00| | spa d |
| 999 |
|
|
|c 1796
|d 1796
|
| 090 |
|
|
|a 06.03.06
|b 423
|
| 100 |
1 |
|
|a Jordán de Troetsch, Sara
|9 2974
|
| 245 |
1 |
0 |
|a Didáctica de los estudios sociales para la educación primaria /
|c Sara Jordán de Troetsch
|
| 260 |
|
|
|a [San José, Costa Rica] :
|b Coordinación Educativa y Cultural Centroamericana,
|c 2009
|
| 300 |
|
|
|a 126 páginas
|
| 490 |
|
|
|a Colección Pedagógica Formación Inicial de Docentes Centroamericanos de Educación Primaria o Básica,
|v 32
|
| 650 |
1 |
4 |
|a EDUCACIÓN PRIMARIA
|9 367
|
| 650 |
1 |
4 |
|a ESTUDIOS SOCIALES
|9 675
|
| 650 |
1 |
4 |
|a DIDÁCTICA
|9 997
|
| 942 |
|
|
|i 002918
|h 06.03.06 423
|2 z
|c 01
|